000 00251nam a22001097a 4500
008 170123b xxu||||| |||| 00| 0 eng d
020 _a9780812990454
041 _aeng
080 _a618.2
245 _aTAKING CARE AFTER 50
_cCOHEN, H.J
942 _2udc
_cBK
999 _c3377
_d3377